000 00980cam a22002894a 4500
999 _c3387
_d3387
001 1020
003 BD-DhUAP
005 20200304122051.0
008 200304t1999 ii a b 001 0 eng
010 _a 98068333
020 _a189020613X
020 _a8185822603
040 _aDLC
_cDLC
_dBD-DhUAP
_bEng
082 _a720.954 JOS
100 1 _aJoshi, Kiran.
245 1 0 _aDocumenting Chandigarh :
_bthe Indian architecture of Pierre Jeanneret, Edwin Maxwell Fry, Jane Beverly Drew /
_cKiran Joshi.
260 _aAhmedabad, India :
_bMapin Pub. ;
_cc1999.
300 _avolumes :
_billustrations ;
_c24 x 37 cm.
504 _aIncludes bibliographical references and index.
505 _aV. 1--
600 1 0 _aJeanneret, Pierre,
_d1896-1965.
600 1 0 _aFry, Maxwell,
_d1899-
600 1 0 _aDrew, Jane,
_d1911-1996.
650 0 _aArchitecture
_zIndia
_zChandīgarh
_xHistory
_y20th century.
651 0 _aChandīgarh (India)
_xBuildings, structures, etc.
942 _2ddc
_cBK